书目信息 |
| 题名: |
电力工程监理细节100
|
|
| 作者: | 张涛 主编 | |
| 分册: | ||
| 出版信息: | 北京 中国建材工业出版社 2008.03 |
|
| 页数: | 321页 | |
| 开本: | 29cm | |
| 丛书名: | 工程监理细节100丛书 | |
| 单 册: | ||
| 中图分类: | TM7 | |
| 科图分类: | ||
| 主题词: | 电力工程--dian li gong cheng--监督管理 | |
| 电子资源: | ||
| ISBN: | 978-7-80227-390-0 | |
| 000 | 00830nam 2200253 450 | |
| 001 | 367829 | |
| 005 | 20080827163542.03 | |
| 010 | @a978-7-80227-390-0@dCNY40.00 | |
| 100 | @a20080408d2008 em y0chiy0121 ea | |
| 101 | 0 | @achi |
| 102 | @aCN@b110000 | |
| 105 | @ay a 000yy | |
| 200 | 1 | @a电力工程监理细节100@Adian li gong cheng jian li xi jie 100@f张涛主编 |
| 210 | @a北京@c中国建材工业出版社@d2008.03 | |
| 215 | @a321页@d29cm | |
| 225 | 2 | @a工程监理细节100丛书@Agong cheng jian li xi jie 100 cong shu |
| 320 | @a有书目 (第321页) | |
| 330 | @a本书内容包括:电力工程概述、火力发电厂主要设备材料要求、锅炉机组安装等。 | |
| 410 | 0 | @12001 @a工程监理细节100丛书 |
| 606 | 0 | @a电力工程@Adian li gong cheng@x监督管理 |
| 690 | @aTM7@v4 | |
| 701 | 0 | @a张涛@Azhang tao@4主编 |
| 801 | 0 | @aCN@c20080827 |
| 905 | @aZUCC@dTM7@eZ186 | |
| 电力工程监理细节100/张涛主编.-北京:中国建材工业出版社,2008.03 |
| 321页;29cm.-(工程监理细节100丛书) |
| ISBN 978-7-80227-390-0:CNY40.00 |
| 本书内容包括:电力工程概述、火力发电厂主要设备材料要求、锅炉机组安装等。 |
| ● |
| 相关链接 |
|
|
|
正题名:电力工程监理细节100
索取号:TM7/Z186
 
预约/预借
| 序号 | 登录号 | 条形码 | 馆藏地/架位号 | 状态 | 备注 |
| 1 | 676090 | 206760904 | 自科库301/301自科库 16排4列1层/ [索取号:TM7/Z186] | 在馆 | |
| 2 | 676091 | 206760913 | 自科库301/301自科库 16排4列1层/ [索取号:TM7/Z186] | 在馆 | |
| 3 | 676092 | 206760922 | 自科二线404/301自科库 11排4列1层/ [索取号:TM7/Z186] | 在馆 |